000 00864aam a2200277 i 4500
001 768714001
003 CO-MdFUSB
005 20250901150900.0
007 ta
008 250901t1967 -us |||| |||| 00| 0 spa d
040 _cCO-MdFUSB
041 0 _aspa
082 0 4 _223
_a249.8
_bC8759b
245 1 0 _aCumbres de inspiración :
_bmeditaciones diarias para la juventud
_c/ compilado por Charles E. Cowman ; traducido por Adolfo Robleto
264 1 _bCasa Bautista de Publicaciones,
_aEl Paso, TX., USA :
_c[1947]
264 4 _c©1947
336 _atexto
_btxt
_2rdacontent
337 _2rdamedia
_asin mediación
_bn
338 _2rdacarrier
_avolumen
_bnc
563 _aRústico
653 _aDevocionales -- Juventud
700 _aCowman, Charles E.,
_910698
_ecompilador
700 _aRobleto, Adolfo
_99228
_etraductor
942 _cBK
945 _aJTF-925
999 _c38444
_d38444